Statistics for Select All... by Category

Click here to take the quiz!

General Stats

  • This quiz has been taken 155 times
    (152 since last reset)
  • The average score is 57 of 80

Answer Stats

QuestionTileSelect% Correct
FruitsBasilNo
98%
U.S PresidentsCharles DickinsonNo
97%
U.S PresidentsWilfred LaurierNo
97%
U.S PresidentsAbraham LincolnYes
96%
FruitsBroccoliNo
96%
National CapitalsOmdurmanNo
96%
Musical InstrumentsPavlovaNo
96%
FruitsPotatoNo
96%
U.S PresidentsSpiro AgnewNo
96%
Musical InstrumentsSurabayaNo
96%
FruitsCarrotNo
95%
National CapitalsRomeYes
95%
National CapitalsCairoYes
94%
Olympic EventsChessNo
94%
Musical InstrumentsDurianNo
94%
National CapitalsFesNo
94%
Musical InstrumentsGaridaNo
94%
Musical InstrumentsOboeYes
94%
U.S PresidentsWilliam SewardNo
94%
National CapitalsBeijingYes
92%
U.S PresidentsRobert E. LeeNo
91%
FruitsTomatoYes
91%
FruitsYamNo
91%
FruitsArtichokeNo
90%
Olympic EventsBoxingYes
90%
National CapitalsOsloYes
90%
Olympic EventsKung-FuNo
89%
National CapitalsPortoNo
89%
U.S PresidentsFrederick DouglassNo
88%
National CapitalsTorontoNo
87%
Musical InstrumentsOganessonNo
86%
FruitsAvacadoYes
84%
U.S PresidentsHerbert HooverYes
84%
National CapitalsRio de JaneiroNo
84%
National CapitalsAucklandNo
83%
National CapitalsKuala LumpurYes
82%
U.S PresidentsJohn Quincy AdamsYes
81%
U.S PresidentsGerald FordYes
80%
National CapitalsIstanbulNo
80%
Olympic EventsSeptathlonNo
79%
Musical InstrumentsMarimbaYes
76%
Musical InstrumentsNexatoneNo
76%
U.S PresidentsAlexander HamiltonNo
74%
Olympic EventsBadmintonYes
74%
Olympic EventsHammer ThrowYes
73%
Olympic EventsOne Mile RunNo
71%
Olympic Events50 Meter DashNo
69%
Musical InstrumentsVuvuzelaYes
69%
Olympic EventsSailingYes
66%
Olympic EventsTaekwondoYes
66%
U.S PresidentsBenjamin FranklinNo
64%
Olympic EventsField HockeyYes
64%
National CapitalsAsuncionYes
63%
Musical InstrumentsMellophoneYes
63%
FruitsOliveYes
63%
U.S PresidentsBenjamin HarrisonYes
61%
U.S PresidentsMartin Van BurenYes
61%
Olympic EventsCanoeYes
59%
Olympic EventsHandballYes
59%
FruitsPumpkinYes
59%
U.S PresidentsWarren HardingYes
56%
U.S PresidentsJohn TylerYes
51%
National CapitalsMaputoYes
51%
FruitsCucumberYes
49%
Olympic EventsRugbyYes
49%
National CapitalsSuvaYes
49%
Musical InstrumentsClavesYes
44%
FruitsBell PepperYes
41%
Olympic EventsBaseballYes
39%
Musical InstrumentsThereminYes
37%
Musical InstrumentsVibraslapYes
35%
Olympic EventsSkateboardingYes
34%
FruitsEggplantYes
33%
Musical InstrumentsBaritoneYes
31%
National CapitalsDelhiNo
31%
FruitsZucchiniYes
31%
Musical InstrumentsCajonYes
23%
FruitsOkraYes
20%
Musical InstrumentsBazantarYes
9%
FruitsString BeanYes
9%

Score Distribution

Percentile by Number Answered

Percent of People with Each Score

Your Score History

You have not taken this quiz since the last reset